Geomarketing methods and strategies in spatial marketing

Gespeichert in:
Bibliographische Detailangaben
Weitere Verfasser: Cliquet, Gérard
Format: Buch
Sprache:Englisch
Veröffentlicht: London ISTE 2006
Schriftenreihe:Geographical Information Systems Series
Schlagworte:
Tags: Tag hinzufügen
Keine Tags, Fügen Sie das erste Tag hinzu!

MARC

LEADER 00000nam a2200000 4500
001 0237461
005 20240315121728.9
020 |a 978-1-905209-07-1 
020 |a 1-905209-07-X 
041 0 |a eng 
044 |a GB 
245 1 0 |a Geomarketing  |b methods and strategies in spatial marketing  |c edited by Gérard Cliquet 
264 1 |a London  |b ISTE  |c 2006 
300 |a 327 s. 
490 1 |a Geographical Information Systems Series 
830 0 |a Geographical Information Systems Series 
610 2 0 |a marketing územia 
610 2 0 |a geografia 
610 2 0 |a marketing manažment 
610 2 0 |a správanie spotrebiteľa 
610 2 0 |a marketing priamy 
610 2 0 |a merchandising 
700 1 |a Cliquet, Gérard